[Event "Rheinland Pfalz op 8th"]
[Site "Reil an der Mosel"]
[Date "2016.05.26"]
[Round "1"]
[White "Weber, Andreas"]
[Black "Prizker, Boris"]
[Result "0-1"]
[WhiteElo "1796"]
[BlackElo "2270"]
[PlyCount "92"]
[EventDate "2016.05.26"]
[EventType "swiss"]
[EventRounds "7"]
[EventCountry "GER"]
[SourceTitle "EXT 2018"]
[Source "ChessBase"]
[SourceDate "2017.10.13"]
[SourceVersion "1"]
[SourceVersionDate "2017.10.13"]
[SourceQuality "1"]

1. e4 c5 2. d4 cxd4 3. c3 d3 4. Bxd3 d6 5. c4 Nc6 6. h3 g6 7. Nf3 Bg7 8. 0-0 Nf6 9. Nc3 0-0 10. Be3 Be6 11. Qe2 Qa5 12. Rac1 Rfc8 13. Bb1 a6 14. Nd5 Nd7 15. b3 b5 16. Bd2 b4 17. Bxb4 Nxb4 18. Nxe7+ Kf8 19. Nxc8 Rxc8 20. Rcd1 Qc5 21. Qd2 Be5 22. Kh1 Kg7 23. Ng5 Nf8 24. f4 Bf6 25. Qxd6 Bxg5 26. fxg5 Qa5 27. Qd2 Kg8 28. Qd6 Nxa2 29. e5 Nc3 30. Qd2 Qxe5 31. Rfe1 Qg7 32. Rc1 Nxb1 33. Rxb1 Nd7 34. Qa5 Nc5 35. Red1 Qf8 36. Rd4 Bf5 37. b4 Bxb1 38. bxc5 Bf5 39. c6 Qe7 40. Qc3 Rxc6 41. h4 Re6 42. Rd1 Re2 43. c5 Be4 44. Kg1 Rxg2+ 45. Kf1 Rc2 46. Qg3 Bg2+ 0-1

[Event "Luxembourg-chT 1314"]
[Site "Luxembourg"]
[Date "2014.04.27"]
[Round "10"]
[White "Prizker, Boris"]
[Black "Scherer, Frank"]
[Result "1-0"]
[WhiteElo "2244"]
[BlackElo "2061"]
[PlyCount "39"]
[EventDate "2013.10.05"]
[EventType "team-tourn"]
[EventRounds "10"]
[EventCountry "LUX"]
[SourceTitle "EXT 2017"]
[Source "ChessBase"]
[SourceDate "2016.10.25"]
[SourceVersion "1"]
[SourceVersionDate "2016.10.25"]
[SourceQuality "1"]

1. e4 c6 2. d4 d5 3. e5 Bf5 4. Nf3 e6 5. Be2 c5 6. 0-0 Nc6 7. c3 cxd4 8. Nxd4 Nxd4 9. cxd4 Ne7 10. Nc3 Nc6 11. g4 Bg6 12. f4 Be4 13. f5 Qb6 14. Nxe4 dxe4 15. Be3 Nxe5 16. fxe6 fxe6 17. dxe5 Qxe3+ 18. Kh1 Qb6 19. Qa4+ Ke7 20. Rad1 1-0

[Event "Luxembourg-chT 1314"]
[Site "Luxembourg"]
[Date "2014.02.02"]
[Round "6"]
[White "Prizker, Boris"]
[Black "Hamitevici, Vladimir"]
[Result "0-1"]
[WhiteElo "2244"]
[BlackElo "2434"]
[PlyCount "60"]
[EventDate "2013.10.05"]
[EventType "team-tourn"]
[EventRounds "10"]
[EventCountry "LUX"]
[SourceTitle "EXT 2017"]
[Source "ChessBase"]
[SourceDate "2016.10.25"]
[SourceVersion "1"]
[SourceVersionDate "2016.10.25"]
[SourceQuality "1"]

1. e4 c6 2. d4 d5 3. e5 Bf5 4. Nf3 e6 5. Be2 Ne7 6. 0-0 Nd7 7. Nc3 h6 8. a4 a6 9. Be3 Bh7 10. g4 c5 11. dxc5 Nc6 12. Nd4 h5 13. g5 Nxd4 14. Bxd4 Qxg5+ 15. Kh1 Bxc5 16. Bxc5 Nxc5 17. f4 Qh4 18. Qd4 Rc8 19. Rac1 Ne4 20. Rf3 Nxc3 21. Rxc3 0-0 22. Bd3 Rxc3 23. bxc3 Rc8 24. Rb1 Bxd3 25. cxd3 Qh3 26. Kg1 Qf3 27. Rxb7 Qd1+ 28. Kg2 Qd2+ 29. Qf2 Qxd3 30. Qb2 Rxc3 0-1

[Event "Luxembourg-chT 1112"]
[Site "Luxembourg"]
[Date "2011.12.10"]
[Round "3"]
[White "Prizker, Boris"]
[Black "Sanikidze, Tornike"]
[Result "0-1"]
[WhiteElo "2244"]
[BlackElo "2579"]
[PlyCount "68"]
[EventDate "2011.10.??"]
[EventType "team-tourn"]
[EventRounds "10"]
[EventCountry "LUX"]
[SourceTitle "EXT 2017"]
[Source "ChessBase"]
[SourceDate "2016.10.25"]
[SourceVersion "1"]
[SourceVersionDate "2016.10.25"]
[SourceQuality "1"]

1. e4 e5 2. Nf3 Nc6 3. Bb5 a6 4. Ba4 Nf6 5. 0-0 Be7 6. Re1 b5 7. Bb3 d6 8. a4 Na5 9. Ba2 Bb7 10. b4 Nc6 11. c3 0-0 12. d3 d5 13. exd5 Nxd5 14. Qb3 Nb6 15. a5 Na4 16. Qc2 Bxb4 17. cxb4 Nxb4 18. Qe2 Nxd3 19. Rd1 e4 20. Be3 Qf6 21. Bd4 exf3 22. Qxd3 Qg5 23. g3 Rad8 24. Qf1 c5 25. Be3 Qe5 26. Rxd8 Rxd8 27. Nd2 Nc3 28. h4 Ne2+ 29. Kh2 Nxg3 30. fxg3 Qxe3 31. Nb3 c4 32. Re1 Qc3 33. Nc5 Rd2+ 34. Kg1 Qd4+ 0-1

[Event "Rheinland Pfalz op 3rd"]
[Site "Gau Algesheim"]
[Date "2011.08.01"]
[Round "6"]
[White "Sattel, Dominique"]
[Black "Prizker, Boris"]
[Result "0-1"]
[WhiteElo "2104"]
[BlackElo "2278"]
[PlyCount "71"]
[EventDate "2011.07.28"]
[EventType "swiss"]
[EventRounds "7"]
[EventCountry "GER"]
[SourceTitle "EXT 2013"]
[Source "ChessBase"]
[SourceDate "2012.11.22"]
[SourceVersion "1"]
[SourceVersionDate "2012.11.22"]
[SourceQuality "1"]

1. Nc3 c5 2. e4 d6 3. f4 Nf6 4. Nf3 e6 5. Bc4 Be7 6. d3 Nc6 7. a3 d5 8. Bb5 0-0 9. Bxc6 bxc6 10. Ne5 Bb7 11. 0-0 c4 12. dxc4 d4 13. Ne2 c5 14. Ng3 Nxe4 15. f5 Nxg3 16. hxg3 exf5 17. Rxf5 Be4 18. Rf1 f5 19. Nd3 Qb6 20. b3 Rae8 21. Rb1 Qc6 22. Rf2 Bf6 23. a4 Bd8 24. Ba3 Be7 25. Qd2 Qc7 26. Rbf1 Qxg3 27. Bxc5 Bxd3 28. Bxe7 Bxf1 29. Bxf8 Bxg2 30. Bd6 Qxd6 31. Kxg2 Re3 32. Kf1 Qc6 33. Kg1 Qe4 34. a5 f4 35. c5 Re1+ 36. Rf1 0-1

[Event "Rheinland Pfalz op 2nd"]
[Site "Schweich"]
[Date "2010.07.18"]
[Round "6"]
[White "Prizker, Boris"]
[Black "Pataki, Zemplen"]
[Result "1-0"]
[WhiteElo "2286"]
[BlackElo "1804"]
[PlyCount "130"]
[EventDate "2010.07.16"]
[EventType "swiss"]
[EventRounds "7"]
[EventCountry "GER"]
[SourceTitle "EXT 2012"]
[Source "ChessBase"]
[SourceDate "2011.11.24"]
[SourceVersion "1"]
[SourceVersionDate "2011.11.24"]
[SourceQuality "1"]

1. e4 e5 2. Nf3 Nf6 3. Nxe5 d6 4. Nf3 Nxe4 5. d4 d5 6. Bd3 Be7 7. 0-0 Nc6 8. c4 Nf6 9. h3 dxc4 10. Bxc4 Bf5 11. d5 Nb4 12. Nc3 c6 13. Nd4 Bd7 14. dxc6 Nxc6 15. Ndb5 0-0 16. Bf4 a6 17. Nd6 b5 18. Bb3 Qb6 19. Nd5 Nxd5 20. Bxd5 Rad8 21. Qh5 Be6 22. Bxe6 Bxd6 23. Be3 Qb8 24. Bb3 Bh2+ 25. Kh1 Be5 26. Bc5 Bd6 27. Rad1 Bxc5 28. Qxc5 Na5 29. Bd5 Rc8 30. Qe7 Nc4 31. b3 Ne5 32. Rfe1 Ng6 33. Qd7 Rc2 34. Bxf7+ Kh8 35. Bxg6 hxg6 36. Rd2 Qc8 37. Qxc8 Rfxc8 38. Ree2 Rxd2 39. Rxd2 Rc6 40. Kh2 Kg8 41. Kg3 Kf7 42. Kf4 Kf6 43. h4 Re6 44. g4 Rc6 45. f3 Ke6 46. Kg5 Ke7 47. f4 Re6 48. Rd5 Rc6 49. Rd2 Rf6 50. Rc2 Kd7 51. Re2 Kd8 52. f5 gxf5 53. gxf5 a5 54. Re6 Rf7 55. Ra6 Rb7 56. Rxa5 b4 57. Ra8+ Ke7 58. Rg8 Kf7 59. Rc8 Rb6 60. Rc7+ Kf8 61. h5 Kg8 62. Rc4 Kf7 63. Rh4 Ke7 64. Re4+ Kf7 65. Re6 Rb5 1-0

[Event "Rheinland Pfalz op 2nd"]
[Site "Schweich"]
[Date "2010.07.16"]
[Round "3"]
[White "Thieme Garmann, Alexander"]
[Black "Prizker, Boris"]
[Result "1/2-1/2"]
[WhiteElo "2106"]
[BlackElo "2286"]
[PlyCount "92"]
[EventDate "2010.07.16"]
[EventType "swiss"]
[EventRounds "7"]
[EventCountry "GER"]
[SourceTitle "EXT 2012"]
[Source "ChessBase"]
[SourceDate "2011.11.24"]
[SourceVersion "1"]
[SourceVersionDate "2011.11.24"]
[SourceQuality "1"]

1. e4 c5 2. Nf3 d6 3. Bd3 Nf6 4. c3 e5 5. Bc2 Be7 6. d3 Nc6 7. 0-0 0-0 8. Re1 Qc7 9. Na3 d5 10. exd5 Nxd5 11. Nc4 Bf6 12. a4 Bf5 13. Ng5 Rad8 14. Qf3 Bg6 15. h4 Nf4 16. Bxf4 exf4 17. Nh3 Bxh4 18. Qxf4 Qxf4 19. Nxf4 Bf5 20. Ne5 Rfe8 21. Nf3 Be7 22. Ne5 Bd6 23. Nxc6 bxc6 24. Ne2 Kf8 25. b3 Be5 26. Rad1 Re7 27. Ng3 Bg4 28. f3 Bxg3 29. Rxe7 Kxe7 30. fxg4 Be5 31. Re1 Kd6 32. c4 Bd4+ 33. Kf1 Rf8 34. Re4 Be5 35. Bd1 f5 36. gxf5 Rxf5+ 37. Bf3 h5 38. Ke2 g6 39. g4 Rf8 40. gxh5 g5 41. Rg4 Bf4 42. Rg1 Rb8 43. Rb1 Re8+ 44. Be4 g4 45. Rf1 Rf8 46. h6 Bxh6 1/2-1/2

[Event "Kaupthing op"]
[Site "Differdange"]
[Date "2008.05.10"]
[Round "4"]
[White "Prizker, Boris"]
[Black "Bakalarz, Grazyna"]
[Result "1-0"]
[WhiteElo "2214"]
[BlackElo "2006"]
[PlyCount "103"]
[EventDate "2008.05.10"]
[EventType "swiss"]
[EventRounds "9"]
[EventCountry "LUX"]
[SourceTitle "CBM 124 Extra"]
[Source "ChessBase"]
[SourceDate "2008.07.03"]
[SourceVersion "1"]
[SourceVersionDate "2008.07.03"]
[SourceQuality "1"]

1. e4 g6 2. d4 Bg7 3. Nf3 d6 4. Be2 Nf6 5. Nc3 0-0 6. 0-0 Bg4 7. Bg5 h6 8. Be3 Nc6 9. Qc1 Kh7 10. Rd1 Bxf3 11. Bxf3 e5 12. d5 Ne7 13. Ne2 Qd7 14. c4 Nfg8 15. Qc2 Kh8 16. c5 dxc5 17. Qxc5 b6 18. Qc4 c5 19. b4 cxb4 20. Qxb4 Nf6 21. Nc3 Rfd8 22. Be2 Ne8 23. Rac1 Qd6 24. Qb3 Nc7 25. Rc2 Ne8 26. Bc1 Qf6 27. Ba3 Nc8 28. Nb5 Ncd6 29. Rc6 Bf8 30. Bb2 Kg8 31. g3 Qe7 32. Ba3 Qf6 33. Rdc1 Qg5 34. h4 Qf6 35. R1c3 Qg7 36. Qc2 Nxb5 37. Bxb5 Bxa3 38. Rxa3 Nd6 39. Bd3 Nb7 40. Rc7 Qf8 41. Ra6 Rdc8 42. Rxa7 Rxc7 43. Rxa8 Qxa8 44. Qxc7 Nc5 45. Qc6 Qxc6 46. dxc6 Ne6 47. f4 exf4 48. gxf4 Kf8 49. Bc4 Ke7 50. Bxe6 Kxe6 51. e5 Ke7 52. h5 1-0

[Event "Kaupthing op"]
[Site "Differdange"]
[Date "2008.05.10"]
[Round "7"]
[White "Prizker, Boris"]
[Black "Baskewitsch, Pierre"]
[Result "1-0"]
[WhiteElo "2214"]
[BlackElo "2068"]
[PlyCount "93"]
[EventDate "2008.05.10"]
[EventType "swiss"]
[EventRounds "9"]
[EventCountry "LUX"]
[SourceTitle "CBM 124 Extra"]
[Source "ChessBase"]
[SourceDate "2008.07.03"]
[SourceVersion "1"]
[SourceVersionDate "2008.07.03"]
[SourceQuality "1"]

1. e4 Nf6 2. e5 Nd5 3. d4 d6 4. Nf3 Bf5 5. Nh4 e6 6. Nxf5 exf5 7. Bc4 Nb6 8. Bd3 dxe5 9. dxe5 g6 10. Nd2 Qd5 11. Nf3 Bg7 12. 0-0 0-0 13. Re1 Nc6 14. Qe2 Rfe8 15. Bf4 Nd4 16. Nxd4 Qxd4 17. Qf3 Qxb2 18. Qxb7 Bxe5 19. Bxe5 Rxe5 20. Qxc7 Rae8 21. Rf1 R8e7 22. Qb8+ Kg7 23. a4 Qd4 24. a5 Nd5 25. Qb3 Qg4 26. h3 Qg5 27. Ba6 f4 28. Bc4 Nf6 29. a6 Rf5 30. Qf3 Rfe5 31. Bd3 Qh4 32. Rab1 g5 33. Rb7 h5 34. Rxe7 Rxe7 35. Rb1 Re5 36. Rb5 Re1+ 37. Bf1 Ne4 38. Rd5 Kf6 39. c4 Ke6 40. Rd8 f5 41. Rd5 Ra1 42. Rd4 Re1 43. c5 Ke5 44. Rxe4+ Rxe4 45. Qc3+ Kd5 46. g3 fxg3 47. fxg3 1-0

[Event "Kaupthing op"]
[Site "Differdange"]
[Date "2008.05.10"]
[Round "9"]
[White "Prizker, Boris"]
[Black "Lasinskas, Povilas"]
[Result "1/2-1/2"]
[WhiteElo "2214"]
[BlackElo "2307"]
[PlyCount "123"]
[EventDate "2008.05.10"]
[EventType "swiss"]
[EventRounds "9"]
[EventCountry "LUX"]
[SourceTitle "CBM 124 Extra"]
[Source "ChessBase"]
[SourceDate "2008.07.03"]
[SourceVersion "1"]
[SourceVersionDate "2008.07.03"]
[SourceQuality "1"]

1. e4 c5 2. Nf3 a6 3. c3 d6 4. d4 Qc7 5. Be2 g6 6. h4 Nf6 7. e5 dxe5 8. dxe5 Ng4 9. e6 Bxe6 10. Ng5 Nf6 11. Nxe6 fxe6 12. h5 Nbd7 13. hxg6 0-0-0 14. Qb3 Bg7 15. gxh7 Nxh7 16. Be3 Nhf6 17. Rxh8 Rxh8 18. Qxe6 Rh1+ 19. Bf1 Qh2 20. Nd2 Qh5 21. Nc4 Rxf1+ 22. Kxf1 Qh1+ 23. Ke2 Qxa1 24. Qxe7 Qxa2 25. Qe6 Qb1 26. g4 Qc2+ 27. Kf3 Qd1+ 28. Kg3 Qg1+ 29. Kh3 Qh1+ 30. Kg3 Ne4+ 31. Qxe4 Be5+ 32. Qxe5 Nxe5 33. Nxe5 Qg1+ 34. Kf4 Qh2+ 35. Kf5 Qh7+ 36. Kf6 Qh8+ 37. Kf5 Qf8+ 38. Ke6 Qg8+ 39. Kf6 Qf8+ 40. Ke6 b5 41. g5 a5 42. g6 b4 43. cxb4 cxb4 44. f4 Qg8+ 45. Kf6 a4 46. g7 a3 47. bxa3 bxa3 48. Bc1 a2 49. Bb2 Kd8 50. Nf7+ Kd7 51. Kg6 Qe8 52. f5 Kc6 53. Kf6 Kd5 54. Nh6 Qd8+ 55. Kg6 Qb6+ 56. Bf6 a1Q 57. g8Q+ Ke4 58. Qc4+ Kf3 59. Qd3+ Kf4 60. Qd2+ Kf3 61. Qd3+ Kf4 62. Qd2+ 1/2-1/2

[Event "Kaupthing op"]
[Site "Differdange"]
[Date "2008.05.10"]
[Round "6"]
[White "Thorfinnsson, Bragi"]
[Black "Prizker, Boris"]
[Result "1-0"]
[WhiteElo "2408"]
[BlackElo "2214"]
[PlyCount "55"]
[EventDate "2008.05.10"]
[EventType "swiss"]
[EventRounds "9"]
[EventCountry "LUX"]
[SourceTitle "CBM 124 Extra"]
[Source "ChessBase"]
[SourceDate "2008.07.03"]
[SourceVersion "1"]
[SourceVersionDate "2008.07.03"]
[SourceQuality "1"]

1. e4 c5 2. Nc3 Nc6 3. f4 e6 4. Nf3 d5 5. Bb5 d4 6. Bxc6+ bxc6 7. Ne2 d3 8. cxd3 Qxd3 9. Qa4 Qb5 10. Nc3 Qxa4 11. Nxa4 Nf6 12. Nc3 Ba6 13. Kf2 Bd3 14. Re1 c4 15. Ne5 Bc5+ 16. Kf3 Bc2 17. Nxc4 h5 18. h3 Rd8 19. Ne5 Rd4 20. d3 Nd7 21. Be3 Nxe5+ 22. fxe5 Rxd3 23. Rac1 f5 24. exf6 0-0 25. e5 Bxe3 26. Rxe3 Rd2 27. Re2 Rfd8 28. Rxc2 1-0

[Event "RLP-ch MTA 24th"]
[Site "Kaiserslautern"]
[Date "2005.??.??"]
[Round "6"]
[White "Brittner, Johann"]
[Black "Prizker, Boris"]
[Result "0-1"]
[WhiteElo "2070"]
[BlackElo "2195"]
[PlyCount "82"]
[EventDate "2005.??.??"]
[EventType "tourn"]
[EventRounds "11"]
[EventCountry "GER"]
[SourceTitle "EXT 2009"]
[Source "ChessBase"]
[SourceDate "2008.11.26"]
[SourceVersion "1"]
[SourceVersionDate "2008.11.26"]
[SourceQuality "1"]

1. d4 Nf6 2. c3 e6 3. Bg5 c5 4. e3 cxd4 5. exd4 Be7 6. Nf3 b6 7. Nbd2 Bb7 8. Bh4 d6 9. Bb5+ Nbd7 10. Qe2 a6 11. Bd3 0-0 12. 0-0 Re8 13. Rfe1 Nd5 14. Bg3 Nf8 15. a3 Ng6 16. Be4 f5 17. Bxd5 Bxd5 18. h3 Bf6 19. Rad1 b5 20. c4 bxc4 21. Nxc4 f4 22. Bh2 Rc8 23. Rc1 Rc6 24. Ncd2 Qc7 25. Rxc6 Qxc6 26. Ne4 Bd8 27. h4 e5 28. h5 Nf8 29. dxe5 dxe5 30. Qd3 h6 31. g3 Nd7 32. gxf4 exf4 33. Nc3 Rxe1+ 34. Nxe1 Bc4 35. Qf5 Bc7 36. Bxf4 Be6 37. Qg6 Bxf4 38. Qe8+ Kh7 39. Nd3 Bc7 40. Qg6+ Kh8 41. Ne4 Ne5 0-1

[Event "RLP-ch MTA 24th"]
[Site "Kaiserslautern"]
[Date "2005.??.??"]
[Round "11"]
[White "Goreacinic, Dmitri"]
[Black "Prizker, Boris"]
[Result "1-0"]
[WhiteElo "2205"]
[BlackElo "2195"]
[PlyCount "81"]
[EventDate "2005.??.??"]
[EventType "tourn"]
[EventRounds "11"]
[EventCountry "GER"]
[SourceTitle "EXT 2009"]
[Source "ChessBase"]
[SourceDate "2008.11.26"]
[SourceVersion "1"]
[SourceVersionDate "2008.11.26"]
[SourceQuality "1"]

1. d4 Nf6 2. c4 e6 3. Nf3 b6 4. Nc3 Bb4 5. Bg5 Bb7 6. Qc2 0-0 7. e3 h6 8. Bh4 d6 9. Bd3 Nbd7 10. 0-0 Bxc3 11. Qxc3 c5 12. Rfd1 Rc8 13. d5 e5 14. Qc2 g5 15. Bg3 Nh5 16. h4 g4 17. Nh2 Nxg3 18. fxg3 h5 19. Rf1 f5 20. Bxf5 Rc7 21. Bxd7 Rxd7 22. Qg6+ Rg7 23. Qxh5 Bc8 24. Rxf8+ Qxf8 25. Rf1 Qe7 26. Qh6 Rh7 27. Qf6 Qxf6 28. Rxf6 Rd7 29. Rg6+ Kf7 30. Rxg4 Rb7 31. Rg5 b5 32. cxb5 Rxb5 33. b3 Bb7 34. e4 Rb4 35. h5 Ba6 36. h6 Rb8 37. Rg7+ Kf8 38. Rxa7 Bb7 39. g4 Kf7 40. g5 Kg6 41. Nf3 1-0

[Event "RLP-ch MTA 24th"]
[Site "Kaiserslautern"]
[Date "2005.??.??"]
[Round "5"]
[White "Prizker, Boris"]
[Black "Dietzsch, Herbert"]
[Result "1-0"]
[WhiteElo "2195"]
[BlackElo "2210"]
[PlyCount "95"]
[EventDate "2005.??.??"]
[EventType "tourn"]
[EventRounds "11"]
[EventCountry "GER"]
[SourceTitle "EXT 2009"]
[Source "ChessBase"]
[SourceDate "2008.11.26"]
[SourceVersion "1"]
[SourceVersionDate "2008.11.26"]
[SourceQuality "1"]

1. e4 c5 2. c3 Nf6 3. e5 Nd5 4. d4 cxd4 5. Qxd4 e6 6. Nf3 Nc6 7. Qe4 f5 8. exf6 Nxf6 9. Qh4 Qa5 10. Bg5 Be7 11. Nbd2 Qf5 12. 0-0-0 0-0 13. Nc4 h6 14. Bxf6 Bxf6 15. Qg3 d5 16. Ne3 Bg5 17. Bd3 Qf4 18. Nxg5 Qxg5 19. Qxg5 hxg5 20. f3 Rf4 21. h3 Bd7 22. Ng4 Rd8 23. Rhe1 Kf7 24. Re2 Ke7 25. Rde1 a6 26. Bc2 b5 27. Bb3 Kd6 28. Ne5 Nxe5 29. Rxe5 Rf5 30. R5e3 Rc8 31. Kd2 a5 32. Bc2 Rf4 33. Re5 b4 34. Rxg5 bxc3+ 35. bxc3 Rfc4 36. Re3 d4 37. Rd3 e5 38. f4 Rxc3 39. fxe5+ Ke7 40. Bb3 Be6 41. Rxg7+ Kf8 42. Bxe6 Rc2+ 43. Ke1 Rc1+ 44. Rd1 Kxg7 45. Bxc8 Rxc8 46. Rxd4 Rc5 47. Re4 Rc2 48. Re2 1-0

[Event "RLP-ch MTA 24th"]
[Site "Kaiserslautern"]
[Date "2005.??.??"]
[Round "10"]
[White "Prizker, Boris"]
[Black "Flierl, Pascal"]
[Result "1-0"]
[WhiteElo "2195"]
[BlackElo "2205"]
[PlyCount "85"]
[EventDate "2005.??.??"]
[EventType "tourn"]
[EventRounds "11"]
[EventCountry "GER"]
[SourceTitle "EXT 2009"]
[Source "ChessBase"]
[SourceDate "2008.11.26"]
[SourceVersion "1"]
[SourceVersionDate "2008.11.26"]
[SourceQuality "1"]

1. e4 e5 2. Nf3 Nf6 3. Nxe5 d6 4. Nf3 Nxe4 5. d4 d5 6. Bd3 Be7 7. 0-0 Nc6 8. c4 0-0 9. Nc3 Nxc3 10. bxc3 dxc4 11. Bxc4 Bg4 12. Rb1 Rb8 13. h3 Bf5 14. Rb5 Qc8 15. Re1 Bd6 16. Bd3 Bxd3 17. Qxd3 Re8 18. Be3 Ne7 19. Reb1 Ng6 20. Ng5 Be7 21. Ne4 c6 22. Rh5 b6 23. Ng3 Qe6 24. c4 Bf6 25. d5 cxd5 26. cxd5 Qd7 27. Ne4 Re5 28. Rxe5 Bxe5 29. d6 Rc8 30. Rd1 Nf4 31. Bxf4 Bxf4 32. g3 Be5 33. Qd5 Bf6 34. Nxf6+ gxf6 35. Qd4 Qe6 36. Kg2 Kf8 37. Qa4 a5 38. Qd4 Rd8 39. Qxb6 Rd7 40. Qxa5 Qe4+ 41. Kh2 Qf3 42. Rd2 Kg7 43. Qb5 1-0

[Event "RLP-ch MTA 24th"]
[Site "Kaiserslautern"]
[Date "2005.??.??"]
[Round "7"]
[White "Prizker, Boris"]
[Black "Mink, Jens"]
[Result "0-1"]
[WhiteElo "2195"]
[BlackElo "2075"]
[PlyCount "128"]
[EventDate "2005.??.??"]
[EventType "tourn"]
[EventRounds "11"]
[EventCountry "GER"]
[SourceTitle "EXT 2009"]
[Source "ChessBase"]
[SourceDate "2008.11.26"]
[SourceVersion "1"]
[SourceVersionDate "2008.11.26"]
[SourceQuality "1"]

1. e4 e6 2. d3 d5 3. Nd2 Nf6 4. Ngf3 Bc5 5. e5 Nfd7 6. d4 Bb6 7. Bd3 c5 8. c3 Nc6 9. dxc5 Nxc5 10. Bc2 Qc7 11. 0-0 Nxe5 12. Nxe5 Qxe5 13. Re1 Qc7 14. Qg4 0-0 15. Nf3 f5 16. Qh4 Ne4 17. Be3 Rf6 18. Bxe4 fxe4 19. Nd4 Bd7 20. Rad1 Raf8 21. Rd2 Qc8 22. Nc2 Bc7 23. c4 Bc6 24. Red1 Rg6 25. cxd5 Bd8 26. Qh3 Bd7 27. dxe6 Bxe6 28. Qh5 Bf6 29. b3 Bg4 30. Qd5+ Kh8 31. Qxe4 Bxd1 32. Rxd1 Re8 33. Qd3 Rd8 34. Qe2 Rxd1+ 35. Qxd1 a6 36. g3 Be7 37. Ne1 Rd6 38. Qe2 Bf6 39. Nf3 Qd7 40. Kg2 h6 41. Qc4 Rd1 42. Qe4 Qd3 43. Qxd3 Rxd3 44. Ne1 Rd1 45. Nc2 Bb2 46. Kf3 Bc1 47. Ke2 Rh1 48. h4 Bxe3 49. Kxe3 Rb1 50. Nd4 b5 51. a3 Rb2 52. Kd3 Rxf2 53. Kc3 Rg2 54. Nf5 g6 55. Ne7 Rxg3+ 56. Kb4 Kg7 57. Nc6 Rf3 58. a4 bxa4 59. bxa4 Rf4+ 60. Ka5 Rxh4 61. Nb4 g5 62. Nxa6 g4 63. Nc5 Rh5 64. Kb6 Rxc5 0-1

[Event "RLP-ch MTA 24th"]
[Site "Kaiserslautern"]
[Date "2005.??.??"]
[Round "4"]
[White "Zolotarev, Pavel"]
[Black "Prizker, Boris"]
[Result "0-1"]
[WhiteElo "2220"]
[BlackElo "2195"]
[PlyCount "42"]
[EventDate "2005.??.??"]
[EventType "tourn"]
[EventRounds "11"]
[EventCountry "GER"]
[SourceTitle "EXT 2009"]
[Source "ChessBase"]
[SourceDate "2008.11.26"]
[SourceVersion "1"]
[SourceVersionDate "2008.11.26"]
[SourceQuality "1"]
[WhiteTeam "Schwarzenbach"]
[WhiteTeamCountry "GER"]

1. e4 c5 2. Nf3 d6 3. d4 cxd4 4. Nxd4 Nf6 5. Nc3 a6 6. f3 e5 7. Nb3 Be6 8. Be3 Nbd7 9. Qd2 Be7 10. 0-0-0 b5 11. g4 Nb6 12. Kb1 b4 13. Qf2 bxc3 14. Bxb6 Qc8 15. h4 Nd7 16. g5 a5 17. Bb5 0-0 18. f4 Nxb6 19. Qxb6 a4 20. Nc1 Rb8 21. Qa5 Qc5 0-1

[Event "Luxembourg-chT 9900"]
[Site "Luxembourg"]
[Date "1999.11.07"]
[Round "2"]
[White "Stull, Norbert"]
[Black "Prizker, Boris"]
[Result "1-0"]
[WhiteElo "2176"]
[BlackElo "2182"]
[PlyCount "83"]
[EventDate "1999.10.24"]
[EventType "team"]
[EventRounds "10"]
[EventCountry "LUX"]
[SourceTitle "EXT 2005"]
[Source "ChessBase"]
[SourceDate "2004.11.15"]
[SourceVersion "1"]
[SourceVersionDate "2004.11.15"]
[SourceQuality "1"]

1. d4 Nf6 2. c4 c5 3. d5 g6 4. Nc3 Bg7 5. e4 d6 6. Bd3 0-0 7. Nge2 e6 8. 0-0 Re8 9. f3 Na6 10. Be3 Nc7 11. Qd2 a6 12. Rab1 b5 13. b4 exd5 14. cxd5 c4 15. Bc2 Bd7 16. Nd4 Qe7 17. Bg5 Qf8 18. Rfd1 h6 19. Bh4 Nh5 20. Nce2 Re5 21. g4 g5 22. Bf2 Nf6 23. Ng3 Rae8 24. Ndf5 Bxf5 25. Nxf5 Rxf5 26. gxf5 Nd7 27. Bd4 Ne5 28. Qf2 Qe7 29. Kh1 Rc8 30. a4 bxa4 31. Bxa4 Nb5 32. Bxb5 axb5 33. Ra1 Nd3 34. Qe3 Bxd4 35. Qxd4 Nxb4 36. Ra7 Qf8 37. Rg1 Nd3 38. f6 Ne5 39. Qe3 Ng6 40. f4 gxf4 41. Qxf4 Kh8 42. Rxg6 1-0

[Event "Luxembourg-chT 9899"]
[Site "Luxembourg"]
[Date "1999.03.28"]
[Round "10"]
[White "Prizker, Boris"]
[Black "Mossong, Hubert"]
[Result "0-1"]
[WhiteElo "2190"]
[BlackElo "2195"]
[PlyCount "118"]
[EventDate "1998.10.08"]
[EventType "team"]
[EventRounds "10"]
[EventCountry "LUX"]
[SourceTitle "EXT 2005"]
[Source "ChessBase"]
[SourceDate "2004.11.15"]
[SourceVersion "1"]
[SourceVersionDate "2004.11.15"]
[SourceQuality "1"]

1. e4 c5 2. c3 Nf6 3. e5 Nd5 4. d4 cxd4 5. Nf3 e6 6. cxd4 b6 7. Bd3 Be7 8. 0-0 Ba6 9. Nc3 Nxc3 10. bxc3 0-0 11. Bf4 d5 12. exd6 Bxd6 13. Bxd6 Qxd6 14. Ng5 h6 15. Bxa6 Nxa6 16. Qd3 hxg5 17. Qxa6 Rfc8 18. Rac1 Qd5 19. Qe2 Rc4 20. f4 Rac8 21. fxg5 Qxg5 22. Qf3 Qe7 23. h3 b5 24. a3 R4c7 25. Qh5 a6 26. Rf4 g6 27. Qh6 Qf8 28. Qxf8+ Kxf8 29. Rf3 Rc4 30. Rd3 a5 31. Kf2 b4 32. axb4 axb4 33. Ke3 bxc3 34. Rc2 Ke7 35. Rd1 g5 36. Kd3 Rxd4+ 37. Kxd4 Rd8+ 38. Ke3 Rxd1 39. Rxc3 Kd6 40. Rc8 Ke5 41. Rg8 f6 42. Ra8 Rd5 43. Ra4 f5 44. Ra8 Rb5 45. Ra3 f4+ 46. Kf3 Kf5 47. Rc3 e5 48. Rc2 e4+ 49. Ke2 g4 50. hxg4+ Kxg4 51. Rc8 Rb2+ 52. Kf1 e3 53. Rg8+ Kf5 54. Rf8+ Ke4 55. Re8+ Kd3 56. Rd8+ Kc3 57. Rc8+ Kd2 58. Rd8+ Kc1 59. Rc8+ Kd1 0-1

[Event "Luxembourg-chT 9899"]
[Site "Luxembourg"]
[Date "1999.03.14"]
[Round "9"]
[White "Upton, Timothy J"]
[Black "Prizker, Boris"]
[Result "1-0"]
[WhiteElo "2335"]
[BlackElo "2190"]
[PlyCount "69"]
[EventDate "1998.10.08"]
[EventType "team"]
[EventRounds "10"]
[EventCountry "LUX"]
[SourceTitle "EXT 2005"]
[Source "ChessBase"]
[SourceDate "2004.11.15"]
[SourceVersion "1"]
[SourceVersionDate "2004.11.15"]
[SourceQuality "1"]

1. e4 c5 2. Nf3 d6 3. d4 cxd4 4. Nxd4 Nf6 5. Nc3 Nc6 6. Be2 e6 7. 0-0 Be7 8. Be3 0-0 9. f4 a6 10. Qe1 e5 11. Nxc6 bxc6 12. fxe5 dxe5 13. Qg3 Qc7 14. Bg5 Kh8 15. Kh1 Be6 16. Qh4 Ng8 17. Rad1 f6 18. Be3 f5 19. Bg5 f4 20. Bxe7 Nxe7 21. Bg4 Ng6 22. Qh3 Bxg4 23. Qxg4 Rad8 24. Qe2 Qb6 25. b3 Nh4 26. Rxd8 Qxd8 27. Na4 Qd6 28. Qg4 Qe7 29. Nb2 Rd8 30. Nc4 g5 31. h3 Kg7 32. Kh2 Kg6 33. Rd1 h5 34. Qe2 f3 35. gxf3 1-0